| Tag |
First Indicator |
Second Indicator |
Subfields |
| LEADER |
00000pam a22000004a 4500 |
| 001 |
in00002014721 |
| 005 |
20151031153426.0 |
| 008 |
040318s2004 caua b 001 0 eng |
| 010 |
|
|
|a 2004006426
|
| 020 |
|
|
|a 0787972967 (alk. paper)
|
| 035 |
|
|
|a (OCoLC)ocm54775403
|
| 040 |
|
|
|a DLC
|c DLC
|d C#P
|d P#O
|d TXA
|d UtOrBLW
|
| 042 |
|
|
|a pcc
|
| 049 |
|
|
|a TXAM
|
| 050 |
0 |
0 |
|a HF5549.5.T7
|b B4815 2004
|
| 082 |
0 |
0 |
|a 658.3/124
|2 22
|
| 100 |
1 |
|
|a Bersin, Josh,
|d 1956-
|
| 245 |
1 |
4 |
|a The blended learning book :
|b best practices, proven methodologies, and lessons learned /
|c Josh Bersin.
|
| 264 |
|
1 |
|a San Francisco, CA :
|b Pfeiffer,
|c [2004]
|
| 264 |
|
4 |
|c ©2004
|
| 300 |
|
|
|a xx, 319 pages :
|b illustrations ;
|c 24 cm.
|
| 336 |
|
|
|a text
|b txt
|2 rdacontent
|
| 337 |
|
|
|a unmediated
|b n
|2 rdamedia
|
| 338 |
|
|
|a volume
|b nc
|2 rdacarrier
|
| 504 |
|
|
|a Includes bibliographical references and index.
|
| 505 |
0 |
|
|a Introduction -- Chap. 1. How did we get here? The history of blended learning -- Chap. 2. The business of blended learning -- Chap. 3. Blended learning concepts -- Chap. 4. Proven blended learning models -- Chap. 5. Eight criteria for selecting the blending model -- Chap. 6. Developing the budget -- Chap. 7. Media selection : the right blend -- Chap. 8. Content development -- Chap. 9. Learning technology and infrastructure -- Chap. 10. Program management : launch, rollout, support -- Moving forward -- Appendices.
|
| 650 |
|
0 |
|a Employees
|x Training of.
|
| 650 |
|
0 |
|a Employees
|x Training of
|x Computer-assisted instruction.
|
| 650 |
|
0 |
|a Internet in education.
|
| 650 |
|
0 |
|a Computer-assisted instruction.
|
| 856 |
4 |
1 |
|3 Table of contents
|u http://www.loc.gov/catdir/toc/ecip0416/2004006426.html
|t 0
|
| 948 |
|
|
|a cataloged
|b h
|c 2004/12/15
|d c
|e ceaton
|f 4:36:15 pm
|
| 994 |
|
|
|a E0
|b TXA
|
| 999 |
|
|
|a MARS
|
| 999 |
f |
f |
|s efceff36-ec04-39d3-971b-6f09b3b5b80d
|i 8616b6ca-015c-3d53-8462-78c472707061
|t 0
|
| 952 |
f |
f |
|p ric
|a Texas A&M University
|b Rellis Campus
|c Joint Library Facility
|d Remote Storage
|t 0
|e HF5549.5.T7 B4815 2004
|h Library of Congress classification
|i unmediated -- volume
|m A14831666763
|
| 998 |
f |
f |
|a HF5549.5.T7 B4815 2004
|t 0
|l Remote Storage
|